| 000 | 00851nam0a2200265 4500 | ||
|---|---|---|---|
| 001 | RU\NLR\ONL1\6806 | ||
| 005 | 20250613115327.0 | ||
| 035 | _a(NLR Aleph) 009635557 | ||
| 090 |
_a9521345 _c9521345 |
||
| 100 | _a20051027d1939 |||y0rusy50 ca | ||
| 101 | 1 |
_afiu _crus |
|
| 102 | _aRU | ||
| 105 | _aa ||||||||| | ||
| 200 | 1 |
_aЗ|ичы шальыен _fПер. Т. Е. Леконцевой |
|
| 210 |
_aИжевск _cУдмуртгосиздат _d1939 |
||
| 215 |
_a[16] c. _cил. _d14 |
||
| 225 | 1 |
_aПичиослы книга _dДля маленьких |
|
| 541 | 1 |
_aЛисичка со скалочкой _e[Для дошкол. возраста]. _zrus |
|
| 686 | 1 | _aШ9(2)3=У-72Р | |
| 801 | 0 |
_aRU _bNLR _c20051027 _gPSBO |
|
| 852 |
_aNLR _bОНЛ _jУдмур./1-56 |
||
| 942 | _cBOOK | ||
| 980 | _aNB | ||